Municipis amb costa dels Països Catalans (continental) - Statistics

General Stats
  • This quiz has been taken 59 times
    55 since last reset
  • The average score is 68 of 140
Answer Stats
Població Comarca Municipi % Correct
1.636.760 Barcelonès Barcelona
95%
138.830 Tarragonès Tarragona
92%
227.600 Barcelonès Badalona
87%
40.550 Selva Blanes
84%
1.070 Alt Empordà Portbou
82%
30.590 Tarragonès Salou
82%
338.590 l'Alacantí Alacant
79%
129.870 Maresme Mataró
79%
8.440 Baix Maestrat Peníscola
79%
807.690 València València
79%
20.200 Alt Empordà Roses
76%
68.170 Garraf Vilanova i la Geltrú
76%
2.970 Alt Empordà Cadaqués
74%
65.520 Baix Llobregat el Prat de Llobregat
74%
42.750 Selva Lloret de Mar
74%
37.920 Barcelonès Sant Adrià de Besòs
74%
22.110 Montsià Amposta
71%
73.070 Marina Baixa Benidorm
71%
68.430 Baix Llobregat Castelldefels
71%
11.970 Baix Ebre Deltebre
71%
11.740 Alt Empordà l'Escala
71%
31.950 Garraf Sitges
71%
89.290 Baix Segura Torrevella
71%
29.510 Baix Maestrat Vinaròs
71%
35.800 Baix Camp Cambrils
68%
176.240 Plana Alta Castelló de la Plana
68%
23.950 Baix Empordà Palafrugell
68%
67.510 Baix Llobregat Viladecans
68%
9.700 Montsià Alcanar
66%
29.840 Baix Penedès Calafell
66%
11.970 Baix Empordà Castell d'Aro, Platja d'Aro i s'Agaró
66%
11.830 Alt Empordà Castelló d'Empúries
66%
40.190 Baix Penedès el Vendrell
66%
238.890 Baix Vinalopó Elx
66%
4.810 Alt Empordà Llançà
66%
19.350 Maresme Malgrat de Mar
66%
28.600 Maresme Premià de Mar
66%
28.680 Baix Maestrat Benicarló
63%
13.060 Baix Penedès Cunit
63%
1.020 Alt Empordà el Port de la Selva
63%
78.190 la Safor Gandia
63%
47.790 Baix Llobregat Gavà
63%
7.340 Baix Ebre l'Ametlla de Mar
63%
12.550 Maresme Montgat
63%
83.330 Baix Segura Oriola
63%
18.230 Baix Empordà Palamós
63%
2.710 Baix Empordà Pals
63%
70.180 Camp de Morvedre Sagunt
63%
2.150 Alt Empordà Sant Pere Pescador
63%
17.590 Tarragonès Torredembarra
63%
6.130 Selva Tossa de Mar
63%
19.870 Maresme Calella
61%
16.520 Garraf Cubelles
61%
44.750 Marina Alta Dénia
61%
23.930 Maresme el Masnou
61%
15.660 Montsià la Ràpita
61%
29.800 Marina Alta Xàbia
61%
13.980 Baix Camp Mont-roig del Camp
58%
3.600 Montsià Sant Jaume d'Enveja
58%
6.760 Baix Camp Vandellós i l'Hospitalet de l'Infant
58%
23.000 Tarragonès Vila-seca
58%
20.900 Maresme Vilassar de Mar
58%
5.760 Tarragonès Altafulla
55%
16.300 Maresme Arenys de Mar
55%
4.180 Baix Empordà Begur
55%
19.990 Plana Alta Benicàssim
55%
12.220 Baix Empordà Calonge i Sant Antoni
55%
480 Alt Empordà Colera
55%
17.510 Baix Segura Guardamar del Segura
55%
3.570 Baix Ebre l'Ampolla
55%
32.230 Garraf Sant Pere de Ribes
55%
5.790 Maresme Sant Pol de Mar
55%
12.380 Baix Empordà Torroella de Montgrí
55%
3.020 Baix Ebre el Perelló
53%
28.310 Maresme Pineda de Mar
53%
7.830 Tarragonès Roda de Berà
53%
37.960 Baix Vinalopó Santa Pola
53%
22.750 Baix Empordà Sant Feliu de Guíxols
53%
5.860 Baix Empordà Santa Cristina d'Aro
50%
3.860 Maresme Santa Susanna
50%
23.820 Marina Baixa Altea
47%
25.850 Marina Alta Calp
47%
15.010 Maresme Canet de Mar
47%
4.890 Maresme Cabrera de Mar
45%
2.640 Rosselló Cotlliure
45%
11.600 Maresme Sant Andreu de Llavaneres
45%
27.770 Ribera Baixa Sueca
45%
4.580 Rosselló Banyuls de la Marenda
42%
23.750 Ribera Baixa Cullera
42%
35.530 Marina Baixa la Vila Joiosa
42%
25.100 la Safor Oliva
42%
9.270 Baix Maestrat Alcalà de Xivert - Alcossebre
39%
35.800 Plana Baixa Borriana
39%
6.740 Maresme Sant Vicenç de Montalt
39%
1.210 Rosselló Cervera de la Marenda
37%
4.030 Tarragonès Creixell
37%
29.980 l'Alacantí el Campello
37%
10.310 Plana Alta Orpesa
37%
25.800 l'Horta Nord Alboraia
34%
3.130 Maresme Caldes d'Estrac
34%
1.940 Baix Empordà Mont-ras
34%
9.480 Rosselló Elna
32%
22.400 Baix Segura el Pilar de la Foradada
32%
20.370 Marina Baixa l'Alfàs del Pi
32%
10.780 Rosselló Argelers
29%
9.000 l'Horta Nord el Puig de Santa Maria
29%
600 la Safor Guardamar de la Safor
29%
13.880 Plana Baixa Nules
29%
9.350 Marina Baixa Finestrat
26%
3.980 Rosselló Portvendres
26%
12.090 Marina Alta Teulada
26%
28.600 Plana Alta Almassora
24%
6.200 Rosselló el Barcarès
24%
2.760 Marina Alta els Poblets
24%
20.730 l'Horta Nord Puçol
24%
17.060 la Safor Tavernes de la Valldigna
24%
3.870 Plana Alta Torreblanca
24%
6.490 Plana Baixa Almenara
21%
11.530 Marina Alta Benissa
21%
3.130 Plana Alta Cabanes
21%
6.940 Camp de Morvedre Canet d'en Berenguer
18%
13.000 Rosselló Canet de Rosselló
18%
2.680 l'Horta Nord Massalfassar
16%
10.990 l'Horta Nord Meliana
16%
7.500 Plana Baixa Moncofa
16%
2.990 Plana Baixa Xilxes
16%
4.260 l'Horta Nord Albuixec
13%
1.840 la Safor Daimús
13%
1.000 Plana Baixa la Llosa de la Plana
13%
8.690 l'Horta Nord la Pobla de Farnals
13%
16.490 l'Horta Nord Massamagrell
13%
2.990 la Safor Miramar
13%
5,760 la Safor Xeraco
13%
4.150 l'Horta Nord Albalat dels Sorells
11%
4.800 la Safor Bellreguard
11%
5.570 Marina Alta el Poble Nou de Benitatxell
11%
2.660 la Safor Piles
11%
4.750 Rosselló Santa Maria la Mar
11%
12.000 Rosselló Sant Cebrià de Rosselló
8%
3.790 Rosselló Torrelles de la Salanca
5%
No matching quizzes found
Score Distribution
Percent of People with Each Score
Percentile by Number Answered
Your Score History
You have not taken this quiz since the last reset